000 00556cam a22002052 4500
001 0000004324
005 20151217145804.0
008 070522s xx 000 0 eng d
020 _a0849309608 :
_cKES 5,945
040 _aKABU
_cKABU
050 0 _aQA276.6
_b.S26
100 1 _aSampath, S.
_@0000154818
245 1 0 _aSampling theory and methods.
260 _aLondon :
_bCRC,
_c2001.
300 _ax, 184 p.
650 0 _aSampling (Statistics)
_@0000154819
908 _a070522
950 _@1
999 _c2610
_d2610